Statistics for name the element symbols (41-60)

Click here to take the quiz!

General Stats

  • This quiz has been taken 9 times
  • The average score is 15 of 20

Answer Stats

HintAnswer% Correct
47Ag
100%
42Mo
83%
41Nb
83%
60Nd
83%
59Pr
83%
50Sn
83%
54Xe
83%
56Ba
67%
48Cd
67%
58Ce
67%
55Cs
67%
53I
67%
49In
67%
57La
67%
46Pd
67%
45Rh
67%
44Ru
67%
51Sb
67%
43Tc
67%
52Te
67%

Score Distribution

Percentile by Number Answered

Percent of People with Each Score

Your Score History

You have not taken this quiz